Busy buzzy bee / (Record no. 4177)

MARC details
000 -LEADER
fixed length control field 01159cam a22003734a 4500
001 - CONTROL NUMBER
control field 4177
003 - CONTROL NUMBER IDENTIFIER
control field FISKH
005 - DATE AND TIME OF LATEST TRANSACTION
control field 20240625141755.0
008 - FIXED-LENGTH DATA ELEMENTS--GENERAL INFORMATION
fixed length control field 990325s1999 nyua b 000 0 eng
010 ## - LIBRARY OF CONGRESS CONTROL NUMBER
LC control number 99023160
020 ## - INTERNATIONAL STANDARD BOOK NUMBER
International Standard Book Number 0789447592 (hc)
020 ## - INTERNATIONAL STANDARD BOOK NUMBER
International Standard Book Number 9780789447586
020 ## - INTERNATIONAL STANDARD BOOK NUMBER
International Standard Book Number 0789447584 (pb)
040 ## - CATALOGING SOURCE
Original cataloging agency DLC
Transcribing agency DLC
Modifying agency DLC
Language of cataloging eng
042 ## - AUTHENTICATION CODE
Authentication code pcc
-- lcac
050 ## - LIBRARY OF CONGRESS CALL NUMBER
Classification number QL568.A6
082 ## - DEWEY DECIMAL CLASSIFICATION NUMBER
Classification number 595.799
100 1# - MAIN ENTRY--PERSONAL NAME
Personal name Wallace, Karen.
245 10 - TITLE STATEMENT
Title Busy buzzy bee /
Statement of responsibility, etc. written by Karen Wallace.
260 ## - PUBLICATION, DISTRIBUTION, ETC.
Place of publication, distribution, etc. New York :
Name of publisher, distributor, etc. Dorling Kindersley,
Date of publication, distribution, etc. 1999
300 ## - PHYSICAL DESCRIPTION
Extent 32 pages :
Other physical details color illustrations ;
Dimensions 23 cm
490 ## - SERIES STATEMENT
Series statement Eyewitness readers.
Volume/sequential designation Level 1
505 ## - FORMATTED CONTENTS NOTE
Formatted contents note G<br/>
520 ## - SUMMARY, ETC.
Summary, etc. Explains the behavior and lives of bees, discussing how they collect nectar from flowers, care for their eggs and queen bee, and communicate with each other.
521 8# - TARGET AUDIENCE NOTE
Target audience note 420<br/>
Source Lexile <br/>
521 8# - TARGET AUDIENCE NOTE
Target audience note G<br/>
Source Raz-Plus<br/>
650 #0 - SUBJECT ADDED ENTRY--TOPICAL TERM
Topical term or geographic name entry element Honeybee
Form subdivision Juvenile literature.
650 #0 - SUBJECT ADDED ENTRY--TOPICAL TERM
Topical term or geographic name entry element Bees
Form subdivision Juvenile literature.
650 #1 - SUBJECT ADDED ENTRY--TOPICAL TERM
Topical term or geographic name entry element Honeybee.
650 #1 - SUBJECT ADDED ENTRY--TOPICAL TERM
Topical term or geographic name entry element Bees.
906 ## - LOCAL DATA ELEMENT F, LDF (RLIN)
a 7
b cbc
c orignew
d 1
e ocip
f 19
g y-gencatlg
942 ## - ADDED ENTRY ELEMENTS (KOHA)
Source of classification or shelving scheme Dewey Decimal Classification
Koha item type Books
Suppress in OPAC No
Holdings
Withdrawn status Lost status Source of classification or shelving scheme Damaged status Not for loan Collection Home library Current library Shelving location Date acquired Total Checkouts Full call number Barcode Date last seen Date last checked out Price effective from Koha item type
    Dewey Decimal Classification     Non-Fiction Footprints International School Library Network Toul Kork Campus Footprints International School Library Network Toul Kork Campus TK Primary Library Room(4th Floor), Bookcase 1&2, Shelves 1-16, Dark Blue Books 06/25/2024 1 WAL 595.799 QL568.A6 FISTK01437 09/09/2024 08/12/2024 06/25/2024 Books